00837nam a2200217 a 450000100060000000300080000600500170001400800410003103500190007204000370009104100080012808200200013610000520015624501230020825000120033126000870034330000570043050400200048760000490050760000630055623818BD-RjUL20211209000956.0140311s1936 enk 001 0 eng d a(BD-RjUL)23883 aVCAVbengcVCAVdNNCU:AdBD-RjUL aeng04a928.2bGOA 19361 aGow, A. S. F.q(Andrew Sydenham Farrar),d1886-10aA. E. Housman :ba sketch together with a list of his writings and indexes to his classical papers /cby A. S. F. Gow. a1st ed. aNew York ;aThe Macmillan company: Cambridge, Eng. :bThe University press,c1936. axiii, 136, [1] p :bfront. (port.) facsims ;c23 cm. aIncludes index.10aHousman, A. E.q(Alfred Edward),d1859-1936.10aHousman, A. E.q(Alfred Edward),d1859-1936xBibliography.